000 00758nam a2200253Ia 4500
003 OSt
005 20220926013155.0
006 a|||||r|||| 00| 0
007 ta
008 220923b |||||||| |||| 00| 0 eng d
037 _cGeneral Book
040 _aRTL
_cRTL
_beng
041 _2eng
_aeng
082 _aX65:(S:44), K9
100 _aMeredith G G
_9317905
245 0 _aCapital investment decisions
260 _aNew York
_bHarper and Row USA
_c1969
300 _a103p. Bibliography: p 103; Ap
_ccm.
490 _aFinancial Management Through Economic Analysis.1
500 _aHarper International Edition
650 _aInvestigation
_9317906
942 _hX65:(S:44), K9
_cGB
_2CC
999 _c625339
_d625339